书目信息 |
| 题名: |
不懂心理学, 还敢拼职场
|
|
| 作者: | 陈南 著 | |
| 分册: | ||
| 出版信息: | 南京 江苏凤凰文艺出版社 2015 |
|
| 页数: | 251页 | |
| 开本: | 21cm | |
| 丛书名: | 心理栈 | |
| 单 册: | ||
| 中图分类: | C913.2 | |
| 科图分类: | ||
| 主题词: | 职业--zhi ye--应用心理学 | |
| 电子资源: | ||
| ISBN: | 978-7-5399-8049-2 | |
| 000 | 00947nam0 22002651 450 | |
| 001 | 1730241280 | |
| 005 | 20170525101412.0 | |
| 010 | @a978-7-5399-8049-2@dCNY32.00 | |
| 100 | @a20150812d2015 em y0chiy50 ea | |
| 101 | 0 | @achi |
| 102 | @aCN@b320000 | |
| 105 | @ay z 000yy | |
| 106 | @ar | |
| 200 | 1 | @a不懂心理学, 还敢拼职场@Abu dong xin li xue , hai gan pin zhi chang@e给自己加分,让别人点赞@f陈南著 |
| 210 | @a南京@c江苏凤凰文艺出版社@d2015 | |
| 215 | @a251页@d21cm | |
| 225 | 2 | @a心理栈@Axin li zhan |
| 330 | @a本书通过80多个涉及职场的心理学法则、定律、效应或原理,揭示了多种职场现象的心理因素,并介绍了各种职场致胜的心理技巧,帮助人们顺利地节节高升。 | |
| 461 | 0 | @12001 @a心理栈 |
| 517 | 1 | @a给自己加分,让别人点赞@Agei zi ji jia fen rang bie ren dian zan |
| 606 | 0 | @a职业@Azhi ye@x应用心理学 |
| 690 | @aC913.2@v5 | |
| 701 | 0 | @a陈南@Achen nan@4著 |
| 801 | 0 | @aCN@bTANG WEI@c20170510 |
| 905 | @b0967716-9@dC913.2@e1019@f4 | |
| 不懂心理学, 还敢拼职场:给自己加分,让别人点赞/陈南著.-南京:江苏凤凰文艺出版社,2015 |
| 251页;21cm.-(心理栈) |
| ISBN 978-7-5399-8049-2:CNY32.00 |
| 本书通过80多个涉及职场的心理学法则、定律、效应或原理,揭示了多种职场现象的心理因素,并介绍了各种职场致胜的心理技巧,帮助人们顺利地节节高升。 |
| ● |
| 相关链接 |
|
|
|
|
正题名:不懂心理学, 还敢拼职场
索取号:C913.2/1019
 
预约/预借
| 序号 | 登录号 | 条形码 | 馆藏地/架位号 | 状态 | 备注 |
| 1 | 0967716 | 209677161 | 第一样本阅览室/ [索取号:C913.2/1019] | 在馆 | |
| 2 | 0967717 | 209677170 | 第一借阅区/ [索取号:C913.2/1019] | 在馆 | |
| 3 | 0967718 | 209677189 | 第一借阅区/ [索取号:C913.2/1019] | 在馆 | |
| 4 | 0967719 | 209677198 | 第一借阅区/ [索取号:C913.2/1019] | 在馆 |